Loading...
Literature - European Literature | 0 | 5 | 0 | 0 | 50 | 80 | 116.00 | 1 | 2 |
Literature - American Literature | 0 | 4 | 1 | 0 | 35 | 93 | 108.75 | 0 | 2 |
Literature - British Literature | 0 | 3 | 0 | 0 | 30 | 41 | 75.00 | 1 | 1 |
Philosophy | 0 | 2 | 0 | 0 | 20 | 67 | 76.00 | 0 | 2 |
Fine Arts - Other Fine Arts | 0 | 2 | 0 | 0 | 20 | 70 | 96.50 | 0 | 0 |
Religion | 0 | 2 | 0 | 0 | 20 | 31 | 64.00 | 2 | 2 |
Social Science | 0 | 1 | 0 | 0 | 10 | 82 | 82.00 | 1 | 1 |
Science - Other Science | 0 | 1 | 0 | 1 | 10 | 132 | 132.00 | 0 | 0 |
Science - Biology | 0 | 1 | 1 | 0 | 5 | 87 | 87.00 | 0 | 0 |
Literature - World Literature | 0 | 1 | 1 | 0 | 5 | 97 | 97.00 | 0 | 0 |
History - Other History | 0 | 0 | 1 | 0 | -5 | 0.00 | 0 | 0 |